Bulletin of Ecclesiology (notice n° 1574019)
[ vue normale ]
| 000 -LEADER | |
|---|---|
| fixed length control field | 01223cam a2200157 4500500 |
| 005 - DATE AND TIME OF LATEST TRANSACTION | |
| control field | 20251214030610.0 |
| 041 ## - LANGUAGE CODE | |
| Language code of text/sound track or separate title | fre |
| 042 ## - AUTHENTICATION CODE | |
| Authentication code | dc |
| 100 10 - MAIN ENTRY--PERSONAL NAME | |
| Personal name | Vallin, Pierre |
| Relator term | author |
| 245 00 - TITLE STATEMENT | |
| Title | Bulletin of Ecclesiology |
| 260 ## - PUBLICATION, DISTRIBUTION, ETC. | |
| Date of publication, distribution, etc. | 2001.<br/> |
| 500 ## - GENERAL NOTE | |
| General note | 40 |
| 520 ## - SUMMARY, ETC. | |
| Summary, etc. | Beginning with the idea of “folly“ in St. Paul (1 Cor. 1, 18-31), Fr. Le Gal explores the theme of “the holy folly of God“ that is nothing other than the revelation of his mad love for man. Examining first of ail the polysemy of the term, his reflection in the first part is on Jesus Christ as “man of derision and God of folly“, examining in passing the parable as the area of “christic irony“. In the second part, it is Paul who reveals, at the same time, the christological, theological, and spiritual content of folly in the tension between the scandai of the cross and the risk for the apostle and the believer not to be accepted. It is there, nevertheless, that the “holy folly“ manifests itself. |
| 786 0# - DATA SOURCE ENTRY | |
| Note | Recherches de Science Religieuse | Volume 89 | 3 | 2001-09-01 | p. 443-475 | 0034-1258 |
| 856 41 - ELECTRONIC LOCATION AND ACCESS | |
| Uniform Resource Identifier | <a href="https://shs.cairn.info/journal-recherches-de-science-religieuse-2001-3-page-443?lang=en&redirect-ssocas=7080">https://shs.cairn.info/journal-recherches-de-science-religieuse-2001-3-page-443?lang=en&redirect-ssocas=7080</a> |
Pas d'exemplaire disponible.




Réseaux sociaux